Statistics for Country Capital Neighbour Connect Jumps Map: Reversed Alpha

Click here to take the quiz!

General Stats

  • This quiz has been taken 32 times
  • The average score is 234 of 392

Answers on the Map

Answers color-coded by a green-red scale on the quiz's map according to % correct below.
Loading ...
 

Answer Stats

Country/Capital % Correct
SANA'A
100%
Saudi Arabia
100%
Serbia
92%
Bulgaria
92%
Albania
92%
Podgorica
92%
Macedonia
92%
Sofia
92%
Ankara
92%
Syria
92%
Baghdad
92%
Riyadh
92%
Doha
92%
Poland
85%
Dhaka
85%
India
85%
China
85%
Pyongyang
85%
North Korea
85%
Russia
85%
Estonia
85%
Riga
85%
Lithuania
85%
South Korea
85%
Czech Republic
85%
Austria
85%
Bratislava
85%
Moldova
85%
Ukraine
85%
Slovakia
85%
Romania
85%
Slovenia
85%
Croatia
85%
Ljubljana
85%
Vienna
85%
Bolivia
77%
Morocco
77%
Brazil
77%
Suriname
77%
Guyana
77%
Venezuela
77%
Colombia
77%
Brasília
77%
France
77%
Andorra
77%
Andorra la Vella
77%
Madrid
77%
Burkina Faso
77%
Nouakchott
77%
Dakar
77%
Banjul
77%
Gambia
77%
Bamako
77%
Togo
77%
Benin
77%
Lomé
77%
Accra
77%
Ghana
77%
Cote d'Ivoire
77%
Bogotá
77%
Lima
77%
Nicaragua
77%
Panama
77%
El Salvador
77%
Saint John's
77%
ANTIGUA AND BARBUDA
77%
Roseau
77%
DOMINICA
77%
Havana
77%
CUBA
77%
Panama City
77%
San José
77%
Freetown
77%
Honduras
77%
San Salvador
77%
Guatemala City
77%
Costa Rica
77%
Mexico City
77%
United States
77%
Ottawa
77%
Canada
77%
Washington D.C.
77%
Mexico
77%
Belmopan
77%
Belize
77%
Guatemala
77%
Tegucigalpa
77%
Managua
77%
Conakry
77%
Senegal
77%
Sierra Leone
77%
Kabul
77%
Uganda
77%
Juba
77%
ADDIS ABABA
77%
Pakistan
77%
Iran
77%
Afghanistan
77%
Tajikistan
77%
Uzbekistan
77%
Astana
77%
Bishkek
77%
Dushanbe
77%
Tehran
77%
Tanzania
77%
Azerbaijan
77%
Tbilisi
77%
Armenia
77%
Georgia
77%
Moscow
77%
Ulaanbaatar
77%
Mongolia
77%
Beijing
77%
Monrovia
77%
Islamabad
77%
New Delhi
77%
Rwanda
77%
Kazakhstan
77%
Zambia
77%
Democratic Republic of the Congo
77%
Liberia
77%
Guinea
77%
Mali
77%
Mauritania
77%
Luanda
77%
Libya
77%
Chad
77%
Abuja
77%
Bangladesh
77%
Nigeria
77%
N'Djamena
77%
Central African Republic
77%
Algeria
77%
Kigali
77%
Lusaka
77%
Burundi
77%
Namibia
77%
South Africa
77%
Pretoria
77%
Botswana
77%
Angola
77%
Kinshasa
77%
Kampala
77%
Dodoma
77%
Bujumbura
77%
East Timor
69%
PRAIA
69%
Hanoi
69%
Cape Verde
69%
Dili
69%
SAINT LUCIA
69%
Castries
69%
CAMBODIA
69%
Thailand
69%
Vientiane
69%
Phnom Penh
69%
AUSTRALIA
69%
Vietnam
69%
Laos
69%
Bangkok
69%
Myanmar
69%
Naypyidaw
69%
Canberra
69%
APIA
69%
Samoa
69%
VICTORIA
69%
Seychelles
69%
Malaysia
69%
Jakarta
69%
GRENADA
69%
Indonesia
69%
Ethiopia
69%
Saint George's
69%
EQUATORIAL GUINEA
69%
Yaoundé
69%
Brazzaville
69%
Libreville
69%
Gabon
69%
Cameroon
69%
Bangui
69%
PAPUA NEW GUINEA
69%
Eritrea
69%
Khartoum
69%
Somalia
69%
Djibouti (cap)
69%
Mogadishu
69%
Kenya
69%
Djibouti
69%
Asmara
69%
Sudan
69%
South Sudan
69%
Nairobi
69%
SRI LANKA
62%
Sri Jayawardenepura Kotte
62%
MANILA
62%
Philippines
62%
Jordan
62%
Lebanon
62%
Damascus
62%
Iraq
62%
Amman
62%
FEDERATED STATES OF MICRONESIA
62%
Jerusalem
62%
NUKUʻALOFA
62%
Kingston
62%
JAMAICA
62%
Tonga
62%
Israel
62%
Cairo
62%
Tripoli
62%
TUNISIA
62%
Chile
54%
PORT VILA
54%
Vanuatu
54%
MANAMA
54%
Bahrain
54%
ARGENTINA
54%
Buenos Aires
54%
Santiago
54%
Valletta
54%
Asunción
54%
La Paz
54%
Peru
54%
Quito
54%
Ecuador
54%
Solomon Islands
54%
MALTA
54%
Paraguay
54%
HONIARA
54%
Sarajevo
54%
Kiev
54%
Palikir
54%
Beirut
54%
NICOSIA
54%
Cyprus
54%
Montenegro
54%
LATVIA
54%
Minsk
54%
Vilnius
54%
Belarus
54%
Budapest
54%
Zagreb
54%
Bosnia and Herzegovina
54%
Belgrade
54%
Pristina
54%
Tirana
54%
Greece
54%
Skopje
54%
Kosovo
54%
Helsinki
46%
Portugal
46%
Lisbon
46%
FINLAND
46%
Palau
46%
Stockholm
46%
Sweden
46%
Oslo
46%
Norway
46%
NGERULMUD
46%
United Kingdom
46%
Spain
46%
ICELAND
46%
IRELAND
46%
Kiribati
46%
Wellington
46%
NEW ZEALAND
46%
SUVA
46%
Fiji
46%
SOUTH TARAWA
46%
Reykjavík
46%
Ashgabat
38%
Tokyo
38%
JAPAN
38%
SEOUL
38%
Kathmandu
38%
NEPAL
38%
Taiwan
38%
Kuala Lumpur
38%
TAIPEI
38%
MORONI
38%
Brussels
38%
Germany
38%
Copenhagen
38%
DENMARK
38%
WINDHOEK
38%
Tuvalu
38%
FUNAFUTI
38%
Comoros
38%
TURKMENISTAN
38%
Barbados
38%
Tashkent
38%
Trinidad and Tobago
38%
MALABO
38%
Saint Vincent and the Grenadines
38%
KINGSTOWN
38%
BRUNEI
38%
BRIDGETOWN
38%
TALLINN
38%
London
38%
DUBLIN
38%
PORT-OF-SPAIN
38%
Kyrgyzstan
38%
Nauru
38%
YAREN
38%
Athens
38%
Turkey
38%
Baku
38%
YEREVAN
38%
Thimphu
38%
BHUTAN
38%
Bandar Seri Begawan
38%
Berlin
38%
United Arab Emirates
38%
Zimbabwe
38%
Liechtenstein
38%
Bern
38%
Rome
38%
SWITZERLAND
38%
Malawi
38%
Lilongwe
38%
Maputo
38%
Gaborone
38%
MALÉ
38%
Harare
38%
Mozambique
38%
Mbabane
38%
SWAZILAND
38%
Santo Domingo
38%
Haiti
38%
Port-au-Prince
38%
Muscat
38%
Vaduz
38%
DOMINICAN REPUBLIC
38%
Maldives
38%
Amsterdam
38%
SÃO TOMÉ
38%
Oman
38%
ABU DHABI
38%
Caracas
38%
Georgetown
38%
Paramaribo
38%
Paris
38%
Netherlands
38%
Yemen
38%
Belgium
38%
São Tomé and Príncipe
38%
Luxembourg (cap)
38%
PRAGUE
38%
Saint Kitts and Nevis
38%
BASSETERRE
38%
Singapore
38%
SINGAPORE (CAP)
38%
Luxembourg
38%
QATAR
31%
BAHAMAS
31%
Nassau
31%
PORT LOUIS
31%
Mauritius
31%
RABAT
31%
KUWAIT
31%
BISSAU
31%
Kuwait City
31%
EGYPT
31%
BUCHAREST
31%
Chișinău
31%
Guinea-Bissau
31%
WARSAW
31%
PORT MORESBY
31%
NIAMEY
31%
ANTANANARIVO
31%
Madagascar
31%
Italy
31%
Marshall Islands
31%
SAN MARINO (CAP)
31%
MONACO (CAP)
31%
Monaco
31%
MONTEVIDEO
31%
Uruguay
31%
REPUBLIC OF THE CONGO
31%
LESOTHO
31%
Maseru
31%
San Marino
31%
MAJURO
31%
Vatican City (cap)
31%
Vatican City
31%
YAMOUSSOUKRO
31%
Ouagadougou
31%
Porto-Novo
31%
Niger
31%
Algiers
31%
Tunis
31%
HUNGARY
31%

Score Distribution

Percentile by Number Answered

Percent of People with Each Score

Your Score History

You have not taken this quiz